| 000 -ლიდერი |
| ფიქსირებული სიგრძის საკონტროლო ველი |
01203nam a22002057a 4500 |
| 003 - საკონტროლო ნომრის იდენტიფიკატორი |
| საკონტროლო ველი |
Ge_BSU |
| 005 - ბოლო ოპერაციის თარიღი და დრო |
| საკონტროლო ველი |
20251016194949.0 |
| 008 - ფიქსირებული სიგრძის მონაცემთა ელემენტები - ზოგადი ინფორმაცია |
| ფიქსირებული სიგრძის საკონტროლო ველი |
251016s1980 ge ||||| |||| 00| 0 geo d |
| 041 ## - ენის კოდი |
| Language code of text/sound track or separate title |
geo |
| 080 ## - უნივერსალური ათობითი კლასიფიკაციის ინდექსი |
| Universal Decimal Classification number |
369.2/8(479.22) ბ-13 |
| 100 ## - მთავარი ჩანაწერი - პიროვნების სახელი |
| Personal name |
ბაბკინი, ვ. |
| 9 (RLIN) |
26042 |
| 245 ## - ცნობა სათაურის შესახებ |
| Title |
კომენტარი დებულებისა სახელმწიფო პენსიის დანიშვნისა და გაცემის წესის შესახებ / |
| Statement of responsibility, etc |
ბ. ბაბკინი, გ. სმირნოვა; საქ. სსრ სოც. უზრუნველყოფის სამინისტრო. |
| 264 ## - წარმოების, გამოცემის, დისტრიბუციის და სხვა ცნობები |
| გამოცემის, წარმოების, დისტრიბუციის... ადგილი |
თბ. : |
| გამოცემის, წარმოების, დისტრიბუციის... სახელწოდება |
საბჭ. საქართველო, |
| გამოცემის, წარმოების, დისტრიბუციის... თარიღი |
1980. |
| 300 ## - ფიზიკური აღწერა |
| Extent |
822გვ. ; |
| Other physical details |
22სმ. |
| 501 ## - შენიშვნა თანმხლებ მასალაზე |
| With note |
ანბ.-საგნ. საძიებელი: გვ. 805-821. |
| 653 ## - INDEX TERM--UNCONTROLLED |
| Uncontrolled term |
სახელმწიფო პენსიები საქართველოში |
| 700 ## - ADDED ENTRY--PERSONAL NAME |
| Personal name |
სმირნოვა, გ. |
| Relator term |
ავტორი |
| 9 (RLIN) |
26043 |
| 710 ## - ADDED ENTRY--CORPORATE NAME |
| Corporate name or jurisdiction name as entry element |
საქ. სსრ სოც. უზრუნველყოფის სამინისტრო |
| 9 (RLIN) |
26044 |
| 942 ## - ADDED ENTRY ELEMENTS (KOHA) |
| Source of classification or shelving scheme |
|
| Koha item type |
წიგნი |